China's Civil Aviation at the Beginning of the 21st Century - Can Europe Remain Competitive?
Čínske civilné letectvo na začiatku 21. storočia. Porovnanie vybraných indikátorov civilného letectva v Číne a v USA. Letiská, letecké linky, výroba lietadiel v Číne v porovnaní s EÚ. Môže európske letectvo ostať konkurencieschopné?
Uložené v:
| Hlavný autor: | |
|---|---|
| Médium: | Kapitola |
| Jazyk: | English |
| Predmet: | |
| Tagy: |
Žiadne tagy, Buďte prvý, kto otaguje tento záznam!
|
MARC
| LEADER | 00000naa$a2200000$$$4500 | ||
|---|---|---|---|
| 001 | 0182780 | ||
| 005 | 20240502083429.6 | ||
| 041 | 0 | |a eng | |
| 044 | |a PL | ||
| 245 | 1 | 0 | |a China's Civil Aviation at the Beginning of the 21st Century - Can Europe Remain Competitive? |c Martin Grančay |
| 520 | |a Čínske civilné letectvo na začiatku 21. storočia. Porovnanie vybraných indikátorov civilného letectva v Číne a v USA. Letiská, letecké linky, výroba lietadiel v Číne v porovnaní s EÚ. Môže európske letectvo ostať konkurencieschopné? | ||
| 610 | 2 | 0 | |a doprava letecká osobná |
| 610 | 2 | 0 | |a letiská |
| 610 | 2 | 0 | |a lietadlá |
| 610 | 2 | 0 | |a linky letecké |
| 610 | 2 | 0 | |a Čína |
| 610 | 2 | 0 | |a USA |
| 610 | 2 | 0 | |a Európa |
| 610 | 2 | 0 | |a konkurencieschopnosť |
| 100 | 1 | |a Grančay, Martin, 1984-2024 | |